| 000 | 01856nkm a2200445 c 4500 | ||
|---|---|---|---|
| 999 |
_c209014 _d209014 |
||
| 003 | BLK | ||
| 005 | 20200923162948.0 | ||
| 008 | 180412b bul rap|r|||| r0| ||bulo| | ||
| 010 | _aKNG00082238000 | ||
| 020 | _a978-954-684-171-1 | ||
| 040 | _aBLK | ||
| 041 |
_aENG _cBUL _hENG |
||
| 080 |
_aАлбуми с рисунки _b741.9 _x(497.2)(084) _z741.9(497.2)(084) |
||
| 080 |
_aЖивопис - художници _b75.071.1 _x(497.2)(084)(092) _z75.071.1(497.2)(084)(092) |
||
| 080 |
_aБългарски художник _b929 Маринов, Марин Николов _z929 Маринов, Марин Николов |
||
| 100 | 1 |
_aМаринов, Марин Николов _eпърви автор _9379889 |
|
| 139 |
_aМаринов, Марин Николов _bМ 31 |
||
| 245 | 1 | 0 |
_aРисунки _bАлбум _cМарин Николов Маринов; текст Татяна Вучева. |
| 246 | 1 | 1 | _aDrawings |
| 257 | _aBGR | ||
| 260 |
_bБеллопринт _c2007 |
||
| 300 |
_a65 с. _bс ил. _c24Х27 см |
||
| 380 | _a7 | ||
| 500 | _aОфс. изд. - Парал. текст на англ. ез. - 300 тир. | ||
| 600 | 1 | 4 |
_aМаринов, Марин Николов _9379889 |
| 650 | 4 |
_aРисунка, българска - албуми _9337183 |
|
| 650 | 4 |
_aХудожници, български - албуми _9290224 |
|
| 650 | 4 |
_aМаринов, Марин Николов _9379889 |
|
| 651 | 4 |
_aБългария _9241624 |
|
| 653 | _aМарин Маринов | ||
| 653 | _aбългарски художници | ||
| 653 | _aрисунки | ||
| 653 | _aалбуми | ||
| 700 | 1 |
_aВучева, Татяна _eтекст _9387022 |
|
| 852 | _aЦб 303082 | ||
| 856 | 4 |
_qpdf _u |
|
| 856 | 4 |
_qpdf _u |
|
| 942 |
_cGRA _n0 _s1 |
||
| 944 |
_aCR _c13.03.2008 _kЛюдмила_Стоянова |
||
| 944 |
_aED _c03.04.2008 |
||
| 999 | _d209014 | ||